<?xml version="1.0" encoding="UTF-8"?>
<collection xmlns="http://www.loc.gov/MARC21/slim">
<record>
  <controlfield tag="000">02205cam\a2200433Ii\4500</controlfield>
  <controlfield tag="001">353911</controlfield>
  <controlfield tag="005">20251009113204.0</controlfield>
  <controlfield tag="008">870408t19161916nyuac\\\\\\\\\000\0\eng\d</controlfield>
  <datafield tag="019" ind1=" " ind2=" ">
    <subfield code="a">855432216</subfield>
  </datafield>
  <datafield tag="035" ind1=" " ind2=" ">
    <subfield code="a">(OCoLC)ocm15504722</subfield>
  </datafield>
  <datafield tag="035" ind1=" " ind2=" ">
    <subfield code="a">(OCoLC)15504722</subfield>
    <subfield code="z">(OCoLC)855432216</subfield>
  </datafield>
  <datafield tag="040" ind1=" " ind2=" ">
    <subfield code="a">ISM</subfield>
    <subfield code="b">eng</subfield>
    <subfield code="e">rda</subfield>
    <subfield code="c">ISM</subfield>
    <subfield code="d">OCLCQ</subfield>
    <subfield code="d">OCLCG</subfield>
    <subfield code="d">OCLCQ</subfield>
    <subfield code="d">OCLCA</subfield>
    <subfield code="d">OCLCQ</subfield>
    <subfield code="d">OCLCO</subfield>
    <subfield code="d">UAT</subfield>
    <subfield code="d">UXG</subfield>
    <subfield code="d">UtOrBLW</subfield>
  </datafield>
  <datafield tag="050" ind1="1" ind2="4">
    <subfield code="a">PR2923 1916 S52</subfield>
  </datafield>
  <datafield tag="055" ind1=" " ind2="3">
    <subfield code="a">PR2923 1916</subfield>
    <subfield code="b">.S52</subfield>
  </datafield>
  <datafield tag="082" ind1="0" ind2="4">
    <subfield code="a">823.2</subfield>
    <subfield code="b">N568</subfield>
  </datafield>
  <datafield tag="130" ind1="0" ind2=" ">
    <subfield code="a">New York times.</subfield>
    <subfield code="0">no2002041097</subfield>
  </datafield>
  <datafield tag="245" ind1="1" ind2="0">
    <subfield code="a">Shakespeare Tercentenary :</subfield>
    <subfield code="b">1616-1916.</subfield>
  </datafield>
  <datafield tag="246" ind1="1" ind2="7">
    <subfield code="a">Tercentenary Shakespearean supplement of the New York Times</subfield>
  </datafield>
  <datafield tag="264" ind1=" " ind2="1">
    <subfield code="a">New York :</subfield>
    <subfield code="b">New York Times,</subfield>
    <subfield code="c">1916.</subfield>
  </datafield>
  <datafield tag="264" ind1=" " ind2="4">
    <subfield code="c">©1916</subfield>
  </datafield>
  <datafield tag="300" ind1=" " ind2=" ">
    <subfield code="a">48 unnumbered pages :</subfield>
    <subfield code="b">illustrations, portraits ;</subfield>
    <subfield code="c">43 x 58 cm</subfield>
  </datafield>
  <datafield tag="336" ind1=" " ind2=" ">
    <subfield code="a">text</subfield>
    <subfield code="b">txt</subfield>
    <subfield code="2">rdacontent</subfield>
  </datafield>
  <datafield tag="337" ind1=" " ind2=" ">
    <subfield code="a">unmediated</subfield>
    <subfield code="b">n</subfield>
    <subfield code="2">rdamedia</subfield>
  </datafield>
  <datafield tag="338" ind1=" " ind2=" ">
    <subfield code="a">volume</subfield>
    <subfield code="b">nc</subfield>
    <subfield code="2">rdacarrier</subfield>
  </datafield>
  <datafield tag="340" ind1=" " ind2=" ">
    <subfield code="p">illustration</subfield>
    <subfield code="p">portrait</subfield>
    <subfield code="2">rdaill</subfield>
  </datafield>
  <datafield tag="500" ind1=" " ind2=" ">
    <subfield code="a">Issued as a special number of the New York Times, on Sundays from February 20-April 23, 1916. Most issues consist of one sheet folded to make four unnumbered pages; the first issue, February 20, consists of two sheets folded to make eight numbered pages.</subfield>
  </datafield>
  <datafield tag="530" ind1=" " ind2=" ">
    <subfield code="a">Also available as a digital reproduction.</subfield>
  </datafield>
  <datafield tag="583" ind1="0" ind2=" ">
    <subfield code="a">cataloged</subfield>
    <subfield code="c">2018-03-</subfield>
    <subfield code="k">SEH</subfield>
    <subfield code="n">12</subfield>
    <subfield code="o">pieces</subfield>
    <subfield code="2">local</subfield>
    <subfield code="5">DFo</subfield>
  </datafield>
  <datafield tag="583" ind1="0" ind2=" ">
    <subfield code="a">revised</subfield>
    <subfield code="c">2018-09</subfield>
    <subfield code="k">EEW</subfield>
    <subfield code="n">1</subfield>
    <subfield code="o">link</subfield>
    <subfield code="x">Luna</subfield>
    <subfield code="2">local</subfield>
    <subfield code="5">DFo</subfield>
  </datafield>
  <datafield tag="600" ind1="1" ind2="0">
    <subfield code="a">Shakespeare, William,</subfield>
    <subfield code="d">1564-1616</subfield>
    <subfield code="x">Criticism and interpretation.</subfield>
    <subfield code="0">sh 85120926 </subfield>
  </datafield>
  <datafield tag="600" ind1="1" ind2="0">
    <subfield code="a">Shakespeare, William,</subfield>
    <subfield code="d">1564-1616</subfield>
    <subfield code="x">Anniversaries, etc.</subfield>
    <subfield code="0">sh 85120826 </subfield>
  </datafield>
  <datafield tag="650" ind1=" " ind2="0">
    <subfield code="a">Shakespearean actors and actresses</subfield>
    <subfield code="0">sh2005003030</subfield>
    <subfield code="y">20th century.</subfield>
  </datafield>
  <datafield tag="655" ind1=" " ind2="7">
    <subfield code="a">Supplements (document genre)</subfield>
    <subfield code="0">300027363</subfield>
    <subfield code="2">aat</subfield>
  </datafield>
  <datafield tag="655" ind1=" " ind2="7">
    <subfield code="a">Newspapers.</subfield>
    <subfield code="0">300026656</subfield>
    <subfield code="2">aat</subfield>
  </datafield>
  <datafield tag="710" ind1="2" ind2=" ">
    <subfield code="a">New York Times Company,</subfield>
    <subfield code="0">n  81050013,</subfield>
    <subfield code="e">publisher.</subfield>
  </datafield>
  <datafield tag="752" ind1=" " ind2=" ">
    <subfield code="a">United States</subfield>
    <subfield code="b">New York (State)</subfield>
    <subfield code="d">New York.</subfield>
    <subfield code="2">naf</subfield>
  </datafield>
  <datafield tag="772" ind1="0" ind2="8">
    <subfield code="i">Supplement to (Work):</subfield>
    <subfield code="a">New York times</subfield>
    <subfield code="w">(OCoLC)01645522</subfield>
  </datafield>
  <datafield tag="852" ind1="8" ind2=" ">
    <subfield code="a">US-DFo</subfield>
    <subfield code="b">DeckC-Rare</subfield>
    <subfield code="h">Sh.Misc. 2324</subfield>
    <subfield code="m">(flat)</subfield>
    <subfield code="x">Removed from scrapbox at unknown point. Shelved in Deck C map case opposite elevator</subfield>
    <subfield code="z">Includes additional page from New York Times, Sunday, February 27, 1916: Picture Section, Part 5, Shakespeare Section.</subfield>
    <subfield code="7">502261</subfield>
    <subfield code="j">cs1498</subfield>
  </datafield>
  <datafield tag="856" ind1="4" ind2="1">
    <subfield code="u">https://digitalcollections.folger.edu/bib353911-502261</subfield>
    <subfield code="z">Digital image(s) of Folger Shakespeare Library Sh.Misc. 2324</subfield>
  </datafield>
  <datafield tag="909" ind1="C" ind2="O">
    <subfield code="o">oai:catalog.folger.edu:353911</subfield>
    <subfield code="p">GLOBAL_SET</subfield>
  </datafield>
  <datafield tag="966" ind1="4" ind2="1">
    <subfield code="8">0</subfield>
    <subfield code="a">Feb. 20 1916 (items 1-2); Feb. 27 1916 (item 3); March 5 1916 (item 4); March 12 1916 (item 5); March 19 1916 (item 6); March 26 1916 (item 7); April 2 1916 (item 8); April 9 1916 (item 9); April 16 1916 (item 10); April 25 1916 (item 11); NYT front page, Feb. 27 1916 (item 12).</subfield>
    <subfield code="9">Sh.Misc. 2324 (flat)</subfield>
  </datafield>
  <datafield tag="980" ind1=" " ind2=" ">
    <subfield code="a">BIB</subfield>
  </datafield>
  <datafield tag="983" ind1=" " ind2=" ">
    <subfield code="a">Online</subfield>
  </datafield>
  <datafield tag="983" ind1=" " ind2=" ">
    <subfield code="a">Vault</subfield>
  </datafield>
</record>
</collection>